Name the Main Characters- Harry Potter - Statistics

General Stats
  • This quiz has been taken 16 times
  • The average score is 8 of 13
Answer Stats
Character Actor % Correct
Ron Weasley Rupert Grint
100%
Harry Potter Daniel Radcliffe
93%
Hermione Granger Emma Watson
93%
Severus Snape Alan Rickman
71%
Draco Malfoy Tom Felton
64%
Voldemort Ralph Fiennes
57%
Ginny Weasley Bonnie Wright
50%
Minerva McGonagall Maggie Smith
50%
Rubus Hagrid Robbie Coltrane
50%
Fred Weasley James Phelps
36%
Albus Dumbledore Michael Gambon
36%
George Weasley Oliver Phelps
36%
Neville Longbottom Matthew Lewis
21%
No matching quizzes found
Score Distribution
Percent of People with Each Score
Percentile by Number Answered
Your Score History
You have not taken this quiz